Szembesítés avagy Tézisek és alkotások XXXIII. Vásárhelyi Őszi Tárlat /
Elmentve itt :
| Szerző: | |
|---|---|
| Dokumentumtípus: | Cikk |
| Megjelent: |
1986-10-08
|
| Sorozat: | Délmagyarország
76 No. 237 |
| Kulcsszavak: | Vásárhelyi Őszi Tárlat 33. 1986 Hódmezővásárhely, Hódmezővásárhely, Képzőművészet kiállítás Hódmezővásárhely |
| Online Access: | http://dmarchiv.bibl.u-szeged.hu/84948 |
| LEADER | 00613nab a2200157 i 4500 | ||
|---|---|---|---|
| 001 | delm84948 | ||
| 005 | 20190911111841.0 | ||
| 008 | 190911s1986 hu o 0|| hun d | ||
| 040 | |a SZTE Délmagyarország Archívum |b hun | ||
| 041 | |a hun | ||
| 100 | 1 | |a Tandi Lajos | |
| 245 | 1 | 0 | |a Szembesítés avagy Tézisek és alkotások |h [elektronikus dokumentum] : |b XXXIII. Vásárhelyi Őszi Tárlat / |c Tandi Lajos |
| 260 | |c 1986-10-08 | ||
| 300 | |a 5 | ||
| 490 | 0 | |a Délmagyarország |v 76 No. 237 | |
| 695 | |a Vásárhelyi Őszi Tárlat 33. 1986 Hódmezővásárhely, Hódmezővásárhely, Képzőművészet kiállítás Hódmezővásárhely | ||